00677nam a2200229Ia 4500003000900000008004100009040001300050040001300063041000800076100001700084245002700101250001400128260002100142260000900163300001000172300001200182490000600194600002900200942000700229999001700236952019400253IT-RoPAU120407s9999 xx 000 0 und d aIT-RoPAU cIT-RoPAU aita aPaul Claudel aRéspond les Psaumes. aNeuchatel aIdes et Calendes c1948 a77 p. c22,5 cm v1 a 1. Bibbia. V. T. Salmi. cBK c36690d36690 00102ddc406220_60000000000000071aPAULUSbPAULUSd2012-04-11l0o220.6r2012-04-11 00:00:00w2012-04-11yBKzInserito da: Anna In data: 14 luglio 2011 fondo: Via A.Severo 56 Progr:30941